00511nam a2200193 a 4500001001300000003000900013005001700022008004100039020002300080082001300103100001800116245006200134260002600196300000900222500003500231505001700266650001600283700001800299nice12345678IN_TiNIC20260116012258.0050524s1983 usaa grp 000 0 eng  a0849980 c10000a236bGRA aGraham, Billy aApproaching Hoofbeats the Four Horsemen of the Apocalypse aUSAbWord Book c1983 a236p aincludes index and biblioraphy2 aBibliography aEschatology1 aGraham, Billy